01028naa#a2200205#i#4500001001600000005001700016011001400033100004100047102000700088200016400095210020500259215001000464608004500474675015900519700003000678700002400708700003200732700002800764856003000792RU\\bibl\12137420260515161131.5##a1994-4683##a20230803b2023####ek#y0rusy0150####ca##aRU1#aИНТЕРНЕТ КАК ФАКТОР ФОРМИРОВАНИЯ ЦЕННОСТЕЙ СОВРЕМЕННЫХ ПОДРОСТКОВeЖурнальная статья1#aМоскваcНациональный государственный Университет физической культуры, спорта и здоровья им. П.Ф. Лесгафтаd2023##a5 с.##aЖурнальная статья2local##aРазвитие и формирование психики. Сравнительная психология Психология животных. 159.92#1aРосляковаgС В#1aПташкоgТ Г#1aПеребейносgА Е#1aПавленкоgЕ Ф4#auchzapiski.lesgaft.spb.ru